000 00465nam a22001937a 4500
003 MPLRDC
005 20220104113621.0
008 210129b ||||| |||| 00| 0 eng d
020 _a7-5320-1086-4
082 _a848.1 LS-25
100 _a万平近选编
245 _a老舍读本
_c
250 _a一版一刷
260 _a
_b上海教育出版社
_c1989
300 _b
490 _a中学生文库
650 _a现代别集
942 _cBK
_o848.1 LS-25
999 _c1017
_d1007